000 00855nam a2200241Ia 4500
003 OSt
005 20220923222306.0
006 a|||||r|||| 00| 0
007 ta
008 220922b |||||||| |||| 00| 0 mar d
024 _a204,333
037 _cTextual
040 _aARTS
_cARTS
_bmar
041 _2mar
_amar
082 _aO155,3M831,GO, 152L3
100 _aसावरकर, विनायक दामोदर; मुले, माधवराव, अनु.
_9166636
245 0 _aगोमान्तक
246 _aGomāntaka
260 _aनई दिल्ली
_b राजधानी
_c1973
300 _a132पृ0
_ccm.
942 _hO155,3M831,GO, 152L3
_cTEXL
_2CC
999 _c355082
_d355082